| 000 | 00734nam a22001577a 4500 | ||
|---|---|---|---|
| 003 | OSt | ||
| 005 | 20160321094604.0 | ||
| 008 | 160321b xxu||||| |||| 00| 0 eng d | ||
| 040 | _cRUA | ||
| 082 | _aFOR VUN 2004 B473 Or.1 | ||
| 100 |
_98079 _aVUN BUNTHOEUN; វុន ប៊ុនធឿន |
||
| 245 | _aការសិក្សាស្វែងយល់ពីសក្តានុពលក្នុងការរៀបចំសហគមន៏ព្រៃឈើ ភូមិជ្រាប់ចាស់ ឃុំជប់វ៉ារី ស្រុកព្រះនេត្រ ខេត្តបន្ទាយមានជ័យ | ||
| 260 |
_aPhnom Penh _bRUA _c2004 |
||
| 300 |
_aiii;24p. _bill. _c29cm. |
||
| 942 |
_2ddc _cFOR |
||
| 999 |
_c7683 _d7683 |
||